000 00357nam a22001457a 4500
005 20160628155006.0
008 160628b xxu||||| |||| 00| 0 eng d
041 _aeng
082 _b10790
245 _aThe Employees State Insurance Act-1948
260 _aNew Delhi
_bCommercial law Publishing
300 _a184
650 _aManagement
_9241
942 _cBK
999 _c4543
_d4542